000 00658nam a2200217 i 4500
001 99135
003 ES-MaACL
005 20250808022126.0
007 t|
008 050902s1955 sp ||||1| spa d
100 1 _aMartin, John Bartlow.
_977317
245 1 0 _aMi vida criminal /
_cJohn Bartlow Martin; [versión española de César Armando Gómez].
250 _a[1ª ed.].
260 _aBarcelona :
_bLuis de Caralt,
_c1955.
300 _a249 p. ;
_c20 cm.
490 1 _aLa vida vivida
700 1 _aGómez, César Armando.
_957753
830 0 3 _aLa vida vivida
_9180877
852 _aES-MaACL
_jC-10465
_bR.38242
999 _c99135
_d99135